Deep Excavation Support System in Urban Environment (Record no. 554128)

000 -LEADER
fixed length control field 00293nam a22001097a 4500
082 ## - DEWEY DECIMAL CLASSIFICATION NUMBER
Classification number P-790
100 ## - MAIN ENTRY--PERSONAL NAME
Personal name Muhammad Asim
9 (RLIN) 51450
245 ## - TITLE STATEMENT
Title Deep Excavation Support System in Urban Environment
Remainder of title Syn#31
526 ## - STUDY PROGRAM INFORMATION NOTE
Program name 0
Interest level 0
Reading level 0
Title point value P_790
700 ## - ADDED ENTRY--PERSONAL NAME
Personal name Col Dr Kamran Akhtar
9 (RLIN) 51451
942 ## - ADDED ENTRY ELEMENTS (KOHA)
Source of classification or shelving scheme
Koha item type Book
Holdings
Withdrawn status Lost status Source of classification or shelving scheme Damaged status Not for loan Permanent Location Current Location Date acquired Total Checkouts Full call number Barcode Date last seen Price effective from Koha item type
          Military College of Engineering (MCE) Military College of Engineering (MCE) 09/13/2018   P-790 MCE-P-790 09/13/2018 09/13/2018 Book
© 2023 Central Library, National University of Sciences and Technology. All Rights Reserved.